Toutes les techniques de Nami - Statistiques

Statistiques générales
  • Ce quiz a été pris 6 fois
    3 depuis la dernière actualisation
  • Le résultat moyen est 16 sur 38
Statistiques - réponses
Arme Technique % Correct
Clima-Tact Cool Ball
100%
Clima-Tact Heat Ball
67%
Impact Dial Impact
67%
Clima-Tact Mirage Tempo
67%
Clima-Tact Rain Tempo
67%
Clima-Tact Thunderbolt Tempo
67%
Perfect Clima-Tact Thunder Charge
67%
Sorcery Clima-Tact Weather Egg
67%
Sorcery Clima-Tact Black Ball : Raiun Rod
33%
Clima-Tact Cloudy Tempo
33%
Perfect Clima-Tact Cool Charge
33%
Perfect Clima-Tact Cyclone Burst
33%
Clima-Tact Cyclone Tempo
33%
Perfect Clima-Tact Dark Cloud Tempo
33%
Clima-Tact Fine Tempo
33%
Clima-Tact Fog Tempo
33%
Perfect Clima-Tact Fulguro Tempo
33%
Sorcery Clima-Tact Gust Sword
33%
Sorcery Clima-Tact Heat Egg
33%
Sorcery Clima-Tact Milky Ball
33%
Sorcery Clima-Tact Milky Road
33%
Perfect Clima-Tact Mirage Tempo : Fata Morgana
33%
Sorcery Clima-Tact Nimpo : Raitei
33%
Aucune Paradise Punch
33%
Sorcery Clima-Tact Rain Spark
33%
Sorcery Clima-Tact Shower Tempo
33%
Clima-Tact Sprinkler
33%
Perfect Clima-Tact Swing Arm
33%
Clima-Tact Thunder Ball
33%
Nouveau Clima-Tact Thunderbolt Shark
33%
Sorcery Clima-Tact Thunder Breed Tempo
33%
Nouveau Clima-Tact Thundercloud Rod
33%
Perfect Clima-Tact Thunder Lance Tempo
33%
Clima-Tact Thunder Tempo
33%
Sorcery Clima-Tact Thunder Trap
33%
Clima-Tact Tornado Tempo
33%
Sorcery Clima-Tact Yukigumo
33%
Nouveau Clima-Tact Zeus Breeze Tempo
33%
Aucun quiz correspondant
Distribution des résultats
% des personnes avec chaque résultat
Percentile par nombre de réponses
Votre historique - résultats
Vous n’avez pas pris ce quiz depuis la dernière actualisation